000 01413nam a2200301Ia 4500
003 OSt
005 20201013154107.0
008 191128s2018 ck ad gr 000 0 spa d
020 _a9789583056482
040 _aCO-JMCR
_cCO-JMCR
041 0 _aspa
082 0 4 _a658.4 /
_bM981c
_223
100 1 _aMurray, Kevin,
_eautor
_911421
245 1 0 _aComuníquese para inspirar :
_buna guía para líderes /
_cKevin Murray ; traducción al inglés, Andrea Moure
250 _aPrimera edición
260 _aBogotá :
_bPanamericana,
_c2018.
300 _a392 páginas :
_b gráficos a blanco y negro ;
_c21 cm.
490 0 _aTemas gerenciales
500 _aIncluye índice análitico.
505 0 _aEl liderazgo en el era de la transparencia -- El líder dentro de la organización -- Conéctese con las emociones que impulsan los comportamientos -- El líder fuera de la organización -- Hora de armarel rompecabezas
520 0 _aLos líderes deben inspirar a otros para tener éxito y lograr buenos resultados, pero en muchas ocasiones desconocen las habilidades de comunicación necesarias para ser inspiradores, ser auténticos, generan empatía y compromiso.
650 2 4 _aLiderazgo
_911422
650 2 4 _aComunicación organizacional
_9338
650 2 4 _aEfectividad organizacional
_911423
650 2 4 _aLiderazgo empresarial
_9222
700 1 _aMoure, Andrea,
_etraductora
_911424
942 _2ddc
_cBK
999 _c4456
_d4456